000 00255nam a2200109Ia 4500
008 220204s9999 xx 000 0 und d
082 _a82-3
_bHIG
100 _aHiggins, Jack
245 0 _aPrayer for the dying
260 _aUSA
_bFawcett
_c1973
942 _cBK
999 _c33457
_d33457